| 000 | 00640nam-a2200181-a-4500 | ||
|---|---|---|---|
| 001 | YSU0108261 | ||
| 003 | AM-YeHGA | ||
| 005 | 20250617161148.0 | ||
| 008 | 990909s1966 xxu 000 0 rus u | ||
| 040 | _aAM-YeHGA | ||
| 100 | 1 | 0 | _aТимофеев, Б.В. |
| 245 | 1 | 0 |
_aМикропалеофитологическое исследование древних свит / _cБ.В. Тимофеев |
| 260 | 0 |
_aЛ., _aМосква : _bНаука , _c1966. |
|
| 300 | _a147 с. | ||
| 550 | _aАН СССР. Лаборатория геологии докембрия | ||
| 650 | 4 | _aМикропалеофитология | |
| 090 | _c469943 | ||
| 999 |
_c466725 _d466725 |
||